01255nam a2200313 a 4500001001100000003000800011006001900019007001500038008004100053010001700094020002700111040002100138035002000159050002700179082001700206100002300223245009100246260006400337300001400401490005300415504006400468533015200532650001700684655002900701710001700730830005400747856012500801999001500926ebr5005972CaPaEBRm u cr cn|||||||||990511s2000 enk sb 001 0 eng  z 99030140  z0521662257 (hardbound) aCaPaEBRcCaPaEBR a(OCoLC)5124046014aQA161.P59bS337 2000eb04a512.9/422211 aSchinzel, Andrzej.10aPolynomials with special regard to reducibilityh[electronic resource] /cA. Schinzel. aCambridge ;aNew York :bCambridge University Press,c2000. ax, 558 p.1 aEncyclopedia of mathematics and its applications aIncludes bibliographical references (p. 540-554) and index. aElectronic reproduction.bPalo Alto, Calif. :cebrary,d2013.nAvailable via World Wide Web.nAccess may be limited to ebrary affiliated libraries. 0aPolynomials. 7aElectronic books.2local2 aebrary, Inc. 0aEncyclopedia of mathematics and its applications.40uhttp://site.ebrary.com/lib/rucke/Doc?id=5005972zAn electronic book accessible through the World Wide Web; click to view c6172d6172